000 01223nam a2200277 a 4500
001 000013489
005 20250502073819.0
008 091125s1985 dr 000 0 spa d
040 _aDO-SdBNP
_bspa
_cBNPHU
082 _a346.7293
_bT758c
245 0 0 _aTrabajos conmemorativos del primer centenario de la adopción de los códigos franceses como leyes nacionales /
_cNéstor Contín Aybar ... [et al.] ; prólogo Emmanuel Esquea Guerrero.
260 _c1985.
_bONAP.
300 _a340 p. ;
_c21 cm.
490 1 _aEstudios jurídicos
_v36
500 _aIncluye referencias bibliográficas y notas al pie de páginas.
590 _aInventariado,2018/DG
650 4 _aDerecho civil
_xLegislación
_zRepública Dominicana
_96943
650 4 _aProcedimiento civil
_xLegislación
_zRepública Dominicana
_911714
650 4 _aDerecho penal
_xLegislación
_zRepública Dominicana
_916570
650 4 _aLeyes
_zRepública Dominicana
_93033
700 1 _aContín Aybar, Néstor
_910408
700 1 _aEsquea Guerrero, Emmanuel
_epról.
_919539
710 1 _aRepública Dominicana.
_bOficina Nacional de Administración y Personal
_926398
830 0 _aEstudios jurídicos
_v36
_98442
910 _aValidado. Control de la calidad EMS.
999 _c13113
_d13113